| 000 | 00514nam a2200193Ia 4500 | ||
|---|---|---|---|
| 003 | IIN | ||
| 005 | 20240104150501.0 | ||
| 008 | 231217s9999 xx 000 0 und d | ||
| 020 |
_cRs.850.00 _a9789385891762 |
||
| 040 |
_aIIN _bEnglish |
||
| 082 |
_a610.7343 _bKAM |
||
| 100 | 1 | _aKamalam, S | |
| 245 | 1 |
_aEssentials in Community Health Nursing Practice / _cS. Kamalam |
|
| 250 | _a3rd ed | ||
| 260 |
_bJaypee _aNew Delhi _c2017 |
||
| 300 | _a726 p. | ||
| 650 | 1 |
_aCommunity Health Nursing _vPractice |
|
| 942 | _cBOOK | ||
| 999 |
_c274 _d274 |
||